Webster's complete dictionary of the English Language (Record no. 167880)

MARC details
000 -LEADER
campo de control de longitud fija 00983nam a22002175i 4500
001 - NÚMERO DE CONTROL
campo de control 167880
003 - IDENTIFICADOR DE NÚMERO DE CONTROL
campo de control ES-MaACL
005 - FECHA Y HORA DE LA ÚLTIMA TRANSACCIÓN
campo de control 20230906213621.0
008 - DATOS DE LONGITUD FIJA--INFORMACIÓN GENERAL
campo de control de longitud fija 051004s1883 xxka | |||||||| ||eng d
040 ## - FUENTE DE CATALOGACIÓN
Centro catalogador/agencia de origen CAM
Lengua de catalogación spa
Centro/agencia transcriptor CAM
245 00 - MENCIÓN DEL TÍTULO
Título Webster's complete dictionary of the English Language
Resto del título : with various literary appendices and numerous additional illustrations /
Mención de responsabilidad, etc. thoroughly revised and improved by Chauncey A. Goodrich and Noah Porter.
250 ## - MENCION DE EDICION
Mención de edición New ed. of 1880
Resto de la mención de edición with a supplement of New Words and an Additional Appendix of Biographical Names.
260 ## - PUBLICACIÓN, DISTRIBUCIÓN, ETC.
Lugar de publicación, distribución, etc. London :
Nombre del editor, distribuidor, etc. George Bell & Sons,
Fecha de publicación, distribución, etc. 1883.
300 ## - DESCRIPCIÓN FÍSICA
Extensión 2 v. (LXXI, [1] , 898 p.; p. 899-1847 p.) :
Otras características físicas il. ;
Dimensiones 28 cm.
650 #4 - PUNTO DE ACCESO ADICIONAL DE MATERIA--TÉRMINO DE MATERIA
Término de materia o nombre geográfico como elemento de entrada Lengua inglesa-
Subdivisión de forma Diccionarios.
9 (RLIN) 14269
700 1# - ENTRADA AGREGADA--NOMBRE PERSONAL
Nombre de persona Bell, George,
Término indicativo de función/relación
9 (RLIN) 125894
700 1# - ENTRADA AGREGADA--NOMBRE PERSONAL
Nombre de persona Goodrich, Chauncey A.,
Término indicativo de función/relación
9 (RLIN) 127469
700 1# - ENTRADA AGREGADA--NOMBRE PERSONAL
Nombre de persona Porter, Noah,
Término indicativo de función/relación
9 (RLIN) 131295
752 ## - ENTRADA AGREGADA--NOMBRE JERÁRQUICO DEL LUGAR
País o entidad superior Gran Bretaña -
Ciudad Londres
852 ## - LOCALIZACIÓN
Ubicación ES-MaACL
Número de control de estantería G-7511-7512
Nota libre -- Enc. pasta española
Holdings
Estatus retirado Estado de pérdida Estado de daño No para préstamo Colección Biblioteca de origen Biblioteca actual Ubicación en estantería Fecha de adquisición Fuente de adquisición Total de préstamos Signatura topográfica completa Código de barras Visto por última vez Precio de reemplazo Tipo de ítem Koha
        Libros del s. XIX Biblioteca del Ateneo de Madrid Biblioteca del Ateneo de Madrid Sala Pecera Planta 3 17/01/2008     G-7511-7512 1176127 23/02/2023 23/02/2023 Libro impreso antiguo